000 00430nam a2200145Ia 4500
008 211122s9999||||xx |||||||||||||| ||und||
082 _a894.8121
_bAYY-K
100 _aAyyappan, Sabari K
245 0 _aKumaranasan Rajalakshmi Oru Punarvayana
260 _bLipi Publications
_aKozhikode
_c2013
300 _a111p.
630 _xGeneral Stack
650 _aMALAYALAM
_vMALAYALAM LITERATUREMALAYALAM POETRYGeneralia
942 _cBOOK
999 _c124084
_d124084